Insumo producto, precios a nivel de productor /

Cuatro trabajos sobre comparación de precios de productos y elaboración de tablas mismo producto en Centroamérica. El primero se refiere a aspectos de metodología de contrucción de tablas insumo producto y su importancia como instrumento de análisis económico el segundo expone igualmente las caracte...

Descrizione completa

Salvato in:
Dettagli Bibliografici
Autore principale: Selva, Carlos M.
Ente Autore: SIECA
Altri autori: Molina Woolford, Carlos, Rapoport, Allan I.
Natura: testo
Pubblicazione: Guatemala: SIECA
Soggetti:
Tags: Aggiungi Tag
Nessun Tag, puoi essere il primo ad aggiungerne!!

MARC

LEADER 00000 a a2200000 04500
001 19975
003
040
090 |a 081500  
100 |a Selva, Carlos M.  
110 |a SIECA  
245 |a Insumo producto, precios a nivel de productor /  |c Carlos M. Selva 
260 |a Guatemala:   |b SIECA  
300 |a 193 p; v. 5  
520 |a Cuatro trabajos sobre comparación de precios de productos y elaboración de tablas mismo producto en Centroamérica. El primero se refiere a aspectos de metodología de contrucción de tablas insumo producto y su importancia como instrumento de análisis económico el segundo expone igualmente las características más importantes de la tabla de insumo producto en Guatemala, el tercero explica posibles usos de la rica información que se desprende de las encuestas de precios de productores y de precios internacionales, y el cuarto da cuenta de las investigaciones realizadas por el grupo técnico de insumo-producto, con el objeto de aportar una contribución al estudio arancelario, para elaborar un nuevo arancel externo común en Centroamérica./ACM  
650 |a MCCA  
650 |a PRECIOS  
650 |a INSUMO PRODUCTO  
650 |a PUB. SIECA  
700 |a Molina Woolford, Carlos  
700 |a Rapoport, Allan I.  
999 |c 13216  |d 13216